|
|
|
|
| LEADER |
00000cam a2200000 c 4500 |
| 001 |
309475791 |
| 003 |
DE-627 |
| 005 |
20251222215028.0 |
| 007 |
tu |
| 008 |
000201s2001 xxk||||| 00| ||eng c |
| 010 |
|
|
|a 00020001
|
| 016 |
7 |
|
|a bA137902
|2 UK
|
| 020 |
|
|
|a 0521571650
|c hbk
|9 0-521-57165-0
|
| 035 |
|
|
|a (DE-627)309475791
|
| 035 |
|
|
|a (DE-576)103697659
|
| 035 |
|
|
|a (DE-599)GBV309475791
|
| 035 |
|
|
|a (OCoLC)247472370
|
| 035 |
|
|
|a (OCoLC)247472370
|
| 040 |
|
|
|a DE-627
|b ger
|c DE-627
|e rakwb
|
| 041 |
|
|
|a eng
|
| 044 |
|
|
|c XA-GB
|c XD-US
|c XE-AU
|
| 050 |
|
0 |
|a HQ250.S52
|
| 082 |
0 |
|
|a 306.740951132
|
| 082 |
0 |
|
|a 306.74095113209034
|
| 084 |
|
|
|a MS 2880
|q BVB
|2 rvk
|0 (DE-625)rvk/123649:
|
| 084 |
|
|
|a NP 6650
|q BVB
|2 rvk
|0 (DE-625)rvk/128031:
|
| 084 |
|
|
|a NR 9284
|q BVB
|2 rvk
|0 (DE-625)rvk/130277:
|
| 084 |
|
|
|a 15.79
|2 bkl
|
| 100 |
1 |
|
|a Henriot, Christian
|d 1955-
|0 (DE-588)170915603
|0 (DE-627)06106307X
|0 (DE-576)131755226
|4 aut
|
| 109 |
|
|
|a Henriot, Christian 1955-
|a An, Keqiang 1955-
|a An Keqiang 1955-
|a An Ke qiang 1955-
|
| 240 |
1 |
0 |
|a Belles de Shanghai <engl.>
|
| 245 |
1 |
0 |
|a Prostitution and sexuality in Shanghai
|b a social history 1849 - 1949
|c Christian Henriot. Transl. by Noel Castelino
|
| 263 |
|
|
|a : £35.00 : Formerly CIP
|
| 264 |
|
1 |
|a Cambridge, UK [u.a.]
|b Cambridge Univ. Press
|c 2001
|
| 300 |
|
|
|a XVIII, 467 S
|b Ill., graph. Darst., Kt.
|
| 336 |
|
|
|a Text
|b txt
|2 rdacontent
|
| 337 |
|
|
|a ohne Hilfsmittel zu benutzen
|b n
|2 rdamedia
|
| 338 |
|
|
|a Band
|b nc
|2 rdacarrier
|
| 500 |
|
|
|a Aus dem Franz. übers. - Literaturverz. S. 431-462
|
| 505 |
8 |
|
|a Includes bibliographical references (p. 431-462) and index
|
| 583 |
1 |
|
|a Archivierung prüfen
|c 20240324
|f DE-4165
|z 1
|2 pdager
|
| 650 |
|
0 |
|a Prostitution
|z China
|z Shanghai
|x History
|
| 650 |
|
0 |
|a Prostitutes
|z China
|z Shanghai
|x History
|
| 650 |
|
0 |
|a Prostitution
|x China
|x Shanghai
|x History
|x 19th century
|
| 650 |
|
0 |
|a Prostitution
|x China
|x Shanghai
|x History
|x 20th century
|
| 650 |
|
0 |
|a Prostitutes
|x China
|x Shanghai
|x History
|x 19th century
|
| 650 |
|
0 |
|a Prostitutes
|x China
|x Shanghai
|x History
|x 20th century
|
| 700 |
1 |
2 |
|a Henriot, Christian
|d 1955-
|t Belles de Shanghai <engl.>
|
| 856 |
4 |
2 |
|u http://www.loc.gov/catdir/description/cam021/00020001.html
|x Verlag
|y Publisher description
|3 Inhaltstext
|7 1
|
| 856 |
4 |
2 |
|u http://www.loc.gov/catdir/toc/cam026/00020001.html
|x Verlag
|y Table of contents
|3 Inhaltsverzeichnis
|7 1
|
| 935 |
|
|
|a mkri
|
| 935 |
|
|
|i Blocktest
|
| 936 |
r |
v |
|a MS 2880
|b Sexuierte Praktiken (Prostitution, Pornographie, auch abweichendes Sexualverhalten, etc.)
|k Soziologie
|k Spezielle Soziologien
|k Soziologische Geschlechterforschung (Gender Studies)
|k Sexuierte Praktiken (Prostitution, Pornographie, auch abweichendes Sexualverhalten, etc.)
|0 (DE-627)1271304899
|0 (DE-625)rvk/123649:
|0 (DE-576)201304899
|
| 936 |
r |
v |
|a NP 6650
|b China - Darstellungen zur Qing-Dynastie 1841-1911 (Opiumkriege bis einschließlich Xinhai-Revolution)
|k Geschichte
|k Von der Restauration bis zum Ende des Ersten Weltkrieges (1815 - 1918)
|k Geschichte der auswärtigen Staaten (1815 - 1918)
|k Mittel- und Ostasien
|k China - Darstellungen zur Qing-Dynastie 1841-1911 (Opiumkriege bis einschließlich Xinhai-Revolution)
|0 (DE-627)1271059088
|0 (DE-625)rvk/128031:
|0 (DE-576)201059088
|
| 936 |
r |
v |
|a NR 9284
|b Schanghai
|k Geschichte
|k Landes- und Stadtgeschichte (Allgemeine, Deutsche und Österreichische Landes- und Stadtgeschichte, Ausländische Stadtgeschichte, Geschichte der Auslanddeutschen)
|k Geschichte ausländischer Städte
|k Außereuropäische Städte
|k Städte S
|k Schanghai
|0 (DE-627)1271506505
|0 (DE-625)rvk/130277:
|0 (DE-576)201506505
|
| 936 |
b |
k |
|a 15.79
|j China
|x Geschichte
|0 (DE-627)181569779
|
| 951 |
|
|
|a BO
|
| ELC |
|
|
|b 1
|
| LOK |
|
|
|0 000 xxxxxcx a22 zn 4500
|
| LOK |
|
|
|0 001 3098728442
|
| LOK |
|
|
|0 003 DE-627
|
| LOK |
|
|
|0 004 309475791
|
| LOK |
|
|
|0 005 20070321113331
|
| LOK |
|
|
|0 008 070110||||||||||||||||ger|||||||
|
| LOK |
|
|
|0 040
|a DE-Frei85
|c DE-627
|d DE-Frei85
|
| LOK |
|
|
|0 852
|a DE-Frei85
|
| LOK |
|
|
|0 852 1
|m p
|9 00
|
| LOK |
|
|
|0 938
|k p
|
| LOK |
|
|
|0 939
|a 10-01-07
|b l01
|
| ORI |
|
|
|a SA-MARC-krimdoka001.raw
|